Clones : (Registro nro. 8731)

Detalles MARC
000 -LIDER
fixed length control field 00806nam a22002657a 4500
001 - NÚMERO DE CONTROL
Identificador de número de control 0074
003 - IDENTIFICACDOR DE NÚMERO DE CONTROL
control field DO-SdBNP
005 - DATE AND TIME OF LATEST TRANSACTION
control field 20230505114021.0
007 - CAMPOS FIJOS DE DESCRIPCIÓN FÍSICA
fixed length control field 0074
008 - ELEMENTOS DE LONGITUD FIJA
fixed length control field 151116b mx 1998 || 00| 0 spa d
020 ## - ISBN
International Standard Book Number 9789700508948
040 ## - FUENTE DE CATALOGACIÓN
Agencia que crea de manera original el registro BPMSU
Idioma de catalogación spa
Agencia que realiza la transcripción BPMSU
082 #4 - NÚMERO DE CLASIFICACIÓN DECIMAL DE DEWEY
Classification number 823.91
Item number M367c 1997
Edition number 22
092 ## - LOCALLY ASSIGNED DEWEY DECIMAL CALL NUMBER
Número de clasificación xxxxxxxx
Número de ítem (Cutter) xxxxxxxx
100 1# - ASIENTO PRINCIPAL -- NOMBRE PERSONAL
Nombre personal Marshall Smith, Michael
245 10 - MENCIÓN DE TITULO
Título Clones :
Subtítulo crónicas de un futuro imperfecto /
Mención de responsabilidad Michael Marshall Smith ; traducción María Smith.
260 ## - PUBLICACIÓN, DISTRIBUCIÓN, ETC. (PIE DE IMPRENTA)
Lugar de publicación, distribución, etc Mexico :
Nombre del editor, distribuidor, etc. Editora Grijalbo,
Fecha de publicación, distribución, etc 1998.
300 ## - DESCRIPCIÓN FÍSICA
Materiales especificados 416 p. ;
Dimensiones 17 cm.
590 ## - NOTA LOCAL
Enlace Inventariado, 2023/VM
650 #4 - ENCABEZAMIENTO DE MATERIA--TEMÁTICO
Término temático o nombre geográfico como elemento de entrada Novela inglesa
650 #4 - ENCABEZAMIENTO DE MATERIA--TEMÁTICO
Término temático o nombre geográfico como elemento de entrada Novela de ciencia ficción
650 #4 - ENCABEZAMIENTO DE MATERIA--TEMÁTICO
Término temático o nombre geográfico como elemento de entrada Ingeniería genética
Subdivisión de forma Novela
910 ## - VALIDACIÓN
Validación BTavárez/ VMateo V. Control de calidad (BPMSU)
942 ## - ADDED ENTRY ELEMENTS (KOHA)
Source of classification or shelving scheme Dewey Decimal Classification
Koha item type Libros
Existencias
Withdrawn status Lost status Source of classification or shelving scheme Damaged status Not for loan Collection code Home library Current library Date acquired Source of acquisition Full call number Barcode Date last seen Price effective from Koha item type
    Dewey Decimal Classification     Colección General Biblioteca Pública Metropolitana Salomé Ureña Biblioteca Pública Metropolitana Salomé Ureña 11/16/2015 FUNDI BPMSU CG 823.91 M367c 1997 BPMSU15110289 11/16/2015 11/16/2015 Libros